长江干流水电站地图 Hydropower stations on Yang-tze main stream map - Statistics

General Stats
  • This quiz has been taken 53 times
  • The average score is 3 of 12
Answers on the Map
Answers color-coded by a green-red scale on the quiz's map according to % correct below.
 
Answer Stats
装机容量/GW 答案 % Correct
22.5 三峡
100%
2.72 葛洲坝
74%
16 白鹤滩
54%
10.2 乌东德
30%
7.75 向家坝
28%
13.86 溪洛渡
26%
2.4 金安桥
6%
2.4 梨园
4%
2 阿海
4%
1.8 龙开口
4%
2.16 鲁地拉
4%
3 观音岩
4%
No matching quizzes found
Score Distribution
Percent of People with Each Score
Percentile by Number Answered
Your Score History
You have not taken this quiz